000
00299nam a2200109Ia 4500
008
200302s9999 xx 000 0 und d
100
_a
Lim Jee Yuan
245
_a
The Malay House Rediscovering Malaysia's Indigenous Shelter System
260
_b
Institut Masyarakat
260
_c
1991
300
_a
152 P.,
999
_c
2387
_d
2387